| 000 | 00797nam a22002177a 4500 | ||
|---|---|---|---|
| 999 |
_c5873 _d5873 |
||
| 003 | OSt | ||
| 005 | 20220629132801.0 | ||
| 008 | 220629b ||||| |||| 00| 0 eng d | ||
| 020 | _a 0558807267 9780558807269 | ||
| 040 | _cALUPE UNIVERSITY | ||
| 050 |
_aLC3986 _b.E38 2010 |
||
| 100 | _a Nancy Lynn Hutchison | ||
| 245 |
_aEducational psychology and special education _bEDUC 5005. |
||
| 250 | _aThird Edition | ||
| 260 |
_a [Toronto, Ont.] : , _bPeason Learning solutions _c ©2010 |
||
| 300 |
_a xvii, 469 pages : _billustrations ; _c28 cm |
||
| 650 | _a University of Western Ontario -- Curricula. Educational psychology -- Curricula. Inclusive education -- Curricula -- Canada | ||
| 700 | _aAnita Woolfolk Hoy; | ||
| 710 | _a University of Western Ontario. | ||
| 942 |
_2lcc _cBK _nMM |
||